| 000 | 00351nam a22001337a 4500 | ||
|---|---|---|---|
| 020 | _a9788120346789 | ||
| 082 |
_a620.00724 _bDEB/OP |
||
| 100 |
_aDeb Kalyanmoy _9456 |
||
| 245 | _aOptimization For Engineering Design : Algorithms and Examples | ||
| 250 | _a2 | ||
| 260 |
_aNew Delhi _bPHI Learning Private Limited _c2012 |
||
| 300 | _a421 | ||
| 942 | _cBK | ||
| 999 |
_c14322 _d14322 |
||